Jeopardy! "Before, During & After" Category Clues #1 - Statistics

General Stats
  • This quiz has been taken 116 times
  • The average score is 6 of 20
Answer Stats
Hint Answer % Correct
In a deceptive Greek equine of an ancient war lies a bloodsucking winged insect content to be an unseen observer Trojan Horse Fly On The Wall
78%
Poker hand of 3 aces & 2 kings with a British royal family name adopted in 1917 that's a great way to tie a tie Full House Of Windsor Knot
64%
Early Beatles drummer who wins Westminster Kennel Club top honors by yelling Cuba Gooding Jr.'s most famous line Pete Best In Show Me The Money
60%
The governmental right to seize property & an Internet address can compel you to guess a song title after a few notes Eminent Domain Name That Tune
47%
Circular spinning food tray on a table set for a suffragist pioneer & a Clockwork Orange scribe Lazy Susan B. Anthony Burgess
47%
On the body of water near Duluth a place of justice employs this person for amusement Lake Superior Court Jester
41%
John Milton epic about Gertrude Stein's Parisian expatriate Yanks who were born starting in 1965 Paradise Lost Generation X
33%
The pipes the pipes are calling for a Culture Club lad & late Yankees owner Oh Danny Boy George Steinbrenner
30%
'60s dance craze in which you shout The sky is falling--at least Polaris' star group is! Funky Chicken Little Dipper
29%
Bellicose Elton John weekend tune regarding a Notre Dame team & a large red hunting dog Saturday Night's Alright For Fighting Irish Setter
27%
Edith Piaf tune that's at home in the White House flower beds admiring a Hieronymous Bosch painting La Vie En Rose Garden of Earthly Delights
21%
Florida NBA team that's central to a lofty Thomas Mann work about a soft drink Orlando Magic Mountain Dew
21%
Possible 51st state that's part of a set of anti-crime laws & a penitential Catholic prayer Puerto Rico Act of Contrition
21%
His efforts have included singing I Want Your Sex playing The American President & occupying Japan George Michael Douglas MacArthur
18%
Nebraska-named D-Day landing area whose album Pet Sounds clones Nazis in South America Omaha Beach Boys From Brazil
18%
Hastert's job before joining the Dutch royal family & starting a Roman leader's fruit drink chain [Quizmaker's note: this clue was used in 2006; Hastert is Dennis Hastert] Speaker of the House of Orange Julius
12%
Don't Cry Out Loud singer & Beckham's 1992-2003 team remind us that a mind is a terrible thing to waste Melissa Manchester United Negro College Fund
11%
This place of pirates & Lost Boys adds Alaska's nickname & is home to the leader of jazz' Solar Arkestra The Never Never Land of the Midnight Sun Ra
10%
Borden spokesanimal on the front of a locomotive to clear a Salinger work lacking the first the Elsie The Cow Catcher In The Rye
8%
The Oscar-winning actor who freed the slaves & then became a muckraking journalist F. Murray Abraham Lincoln Steffens
8%
No matching quizzes found
Score Distribution
Percent of People with Each Score
Percentile by Number Answered
Your Score History
You have not taken this quiz